Gajes del oficio /
Сохранить в:
| Главный автор: | |
|---|---|
| Формат: | Неизвестно |
| Язык: | Spanish |
| Опубликовано: |
Guatemala :
Editorial Cultura,
1990.
|
| Серии: | (Colección Poesía Guatemalteca Siglo XX ;
número 9) |
| Предметы: | |
| Метки: |
Добавить метку
Нет меток, Требуется 1-ая метка записи!
|
MARC
| LEADER | 000000000a22000000004500 | ||
|---|---|---|---|
| 001 | 001776 | ||
| 041 | 0 | |a spa | |
| 082 | 0 | 4 | |a G861.44 |b R685g |
| 100 | 1 | |a Rodas Andrade, Héctor, |d 1987 | |
| 245 | 1 | 0 | |a Gajes del oficio / |c Héctor Rodas Andrade. |
| 260 | 1 | |a Guatemala : |b Editorial Cultura, |c 1990. | |
| 300 | |a 35 hojas en estuche | ||
| 490 | 1 | |a (Colección Poesía Guatemalteca Siglo XX ; |v número 9) | |
| 500 | |a Otro ejemplar con número de inscripción 14772 | ||
| 650 | 4 | |a LITERATURA GUATEMALTECA | |
| 650 | 4 | |a POESIA | |
| 999 | |c 8445 |d 8445 | ||
| 942 | |c BK |h G861.44 R685g |2 z | ||
